| 000 | 01291cab a2200205 4500 | ||
|---|---|---|---|
| 001 | ABS68292 | ||
| 008 | 040923n2004 000 0 eng u | ||
| 035 | _a(Sirsi) u127501 | ||
| 100 | _aParpworth, N. | ||
| 245 | _aHousehold Waste Recycling Act 2003 | ||
| 260 | _c2004 | ||
| 490 |
_aJournal of Planning and Environment Law _vSeptember 2004, 1180-1196(16) |
||
| 520 | _aProvides an overview of the Household Waste Recycling Act 2003 which received Royal Assent on 30 October 2003. Explains the background to the Act which came into force on 30 December 2003 and traces its progress as a Bill through the Houses of Parliament. Section 1 inserts a new s45A into the Environmental Protection Act 1990 regarding separate collections of recyclable waste. Section 2 inserts a new s45B into the 1990 Act allowing the Welsh Assembly to apply s45A in Wales if desired. Section 3 inserts a new s47A into the 1990 Act imposing a duty on the SoS to lay before each House of Parliament a report measuring how each English waste authority is meeting its recycling and composting requirements. | ||
| 590 | _aABS | ||
| 650 | _aHOUSEHOLD WASTE | ||
| 650 | _aHOUSEHOLD WASTE RECYCLING ACT 2003 | ||
| 650 | _aRECYCLING | ||
| 690 | _aENVIRONMENTAL AND LAND CONSULTANCY-WASTE MANAGEMENT | ||
| 942 | _n0 | ||
| 999 |
_c74543 _d74543 |
||